Statistics for BBL Teams in 1 minute

Click here to take the quiz!

General Stats

  • This quiz has been taken 317 times
  • The average score is 7 of 8

Answer Stats

Home Town Answer % Correct
SydneySydney Sixers
96%
BrisbaneBrisbane Heat
94%
MelbourneMelbourne Stars
93%
SydneySydney Thunder
92%
MelbourneMelbourne Renegades
91%
HobartHobart Hurricanes
90%
PerthPerth Scorchers
89%
AdelaideAdelaide Strikers
89%

Score Distribution

Percentile by Number Answered

Percent of People with Each Score

Your Score History

You have not taken this quiz